000 00496nam a2200181Ia 4500
003 OSt
005 20200811124039.0
008 190216s9999||||xx |||||||||||||| ||und||
020 _a9788170147879
040 _coclc
082 _a519.5
_bGUP/S
100 _aGupta, S P
_9766
245 0 _aStatistical Methods /
_cS P Gupta
250 _a20th Ed.
260 _bSulthan Chand&Sons,
_c2001.
_aNew Delhi:
300 _a1425p
942 _cREF
_2ddc
_h519.5
_iGUP/S
_k519.5
_mGUP/S
999 _c36610
_d36610